| 000 | 00702nam a22002297a 4500 | ||
|---|---|---|---|
| 003 | UA-OsUOA | ||
| 001 | 131749 | ||
| 007 | ta | ||
| 008 | 20180615b un ||||| |||| 00| 0 ukr d | ||
| 100 | _aБудовниц И. У. | ||
| 090 |
_a271(091) _bБ90 |
||
| 942 | _cBK | ||
| 040 |
_aUA-OsUOA _brus _cUA-OsUOA _dUA-OsUOA |
||
| 245 |
_aМонастыри на Руси и борьба с ними крестьян в XIV - XVI веках _bпо "житиям святых" |
||
| 300 | _a392 с. | ||
| 955 | _a1 | ||
| 041 | _arus | ||
| 080 | _a271(091) | ||
| 260 |
_aМ. _bНаука _c1966 |
||
| 650 | 7 |
_a27 Загальна історія Християнської церкви _2UDC |
|
| 999 |
_c420167 _d420167 |
||